Mahatma Gandhi (Record no. 7412)
[ view plain ]
| 000 -LEADER | |
|---|---|
| fixed length control field | 002980000a22001330004500 |
| 003 - CONTROL NUMBER IDENTIFIER | |
| control field | MACL |
| 040 ## - CATALOGING SOURCE | |
| Original cataloging agency | MACL |
| 090 ## - LOCALLY ASSIGNED LC-TYPE CALL NUMBER (OCLC); LOCAL CALL NUMBER (RLIN) | |
| -- | 7460 |
| -- | 7459 |
| 100 ## - MAIN ENTRY--PERSONAL NAME | |
| Personal name | Sheean, Vincent |
| 245 ## - TITLE STATEMENT | |
| Title | Mahatma Gandhi |
| Remainder of title | A Great Life in Brief |
| 260 ## - PUBLICATION, DISTRIBUTION, ETC. (IMPRINT) | |
| Name of publisher, distributor, etc. | Publicaton Division |
| Date of publication, distribution, etc. | 1968 |
| 650 ## - SUBJECT ADDED ENTRY--TOPICAL TERM | |
| Topical term or geographic name as entry element | Biography |
| 942 ## - ADDED ENTRY ELEMENTS (KOHA) | |
| Koha item type | Library Membar |
| Call number prefix | 920 |
| Withdrawn status | Lost status | Source of classification or shelving scheme | Damaged status | Not for loan | Home library | Current library | Date acquired | Full call number | Barcode | Date last seen | Uniform Resource Identifier | Price effective from | Koha item type |
|---|---|---|---|---|---|---|---|---|---|---|---|---|---|
| MACL | MACL | 15/04/2015 | 920 BOOK | CRE001393 | 02/05/2024 | 7344 | 15/04/2015 | Books |









